| 000 | 00472nam a22001817a 4500 | ||
|---|---|---|---|
| 003 | NUST - PNEC | ||
| 005 | 20170116180925.0 | ||
| 008 | 150905b xxu||||| |||| 00| 0 eng d | ||
| 020 | _a0340053704 | ||
| 020 | _a0340117370 | ||
| 040 | _cLIBRARY | ||
| 082 | _a537 PER | ||
| 100 |
_97994 _aPerkins, G. D |
||
| 245 |
_aThe principles of electrical science, in S.I. units:vol I _cG. D. Perkins |
||
| 260 | _cC.1971 | ||
| 650 |
_97997 _aElectricity _xEE |
||
| 942 |
_2ddc _cBK |
||
| 999 |
_c65751 _d65751 |
||